000 00483nam a2200169Ia 4500
008 230312s9999 xx 000 0 und d
041 _aeng
082 _a330.954
_b330.954 PRA
100 _aPrakash B.A. (Editor)
_9170638
245 _aIndian Economy Since 1991
_bEconomic Reforms And Performance
260 _c2009
_bPearson Education
300 _a598
365 _cRs.
_b450.00
710 _aPrakash B.A. (Editor)
_9170639
906 _b450
999 _c131361
_d131361